00350 a2200109 4500001001000000005001700010008004100027245006400068100003000132773006100162999001700223ART_2395020260410161933.0260409a 10aLa crisis energética y el nuevo orden económico mundial1 aRabinovich, Eduardo Jorge0 tInformeg- Año VIII, Nº 49 (oct./dic. 1976)wREV23765 c28752d28752